Biblioteca

Greek-english New Testament (Registro nro. 31960)

Detalles MARC
000 -LÍDER
Campo fijo de descripción fija 01045aam a2200265 4500
001 - NÚMERO DE CONTROL
Campo de control 431
003 - IDENTIFICADOR DEL NÚMERO DE CONTROL
Campo de control CO-MdFUSB
005 - FECHA Y HORA DE LA ULTIMA TRANSACCIÓN
control field 20171108094102.0
008 - ELEMENTOS DE LONGITUD FIJA -- INFORMACIÓN GENERAL
Campo fijo de descripción fija -- Información general 160506t18981979gw ||||| |||| 00| 0 eng d
020 ## - NÚMERO INTERNACIONAL NORMALIZADO PARA LIBROS
Número Internacional Normalizado del libro 3-438-05408-6
040 ## - FUENTE DE CATALOGACIÓN
Agencia que realiza la transcripción CO-MdFUSB
Agencia de catalogación original CO-MdFUSB
Idioma de catalogación spa
Agencia que realiza la modificación CO-MdFUSBC
Convenciones de la descripción rda
041 0# - CÓDIGO DE IDIOMA
Código de idioma para texto/pista de sonido o título separado eng
082 04 - NÚMERO DE CLASIFICACIÓN DECIMAL DEWEY
Número de clasificación G 225.48 N468h
245 00 - TÍTULO
Título del Material Greek-english New Testament
Mención de responsabilidad, etc. / Kurt Aland, Matthew Black, Carlo M. Martini, Bruce M. Metzger, and Allen Wikgren, Editores.
Parte restante del título - Subtitulo :
250 ## - MENCIÓN DE EDICIÓN
Mención de edición 5
264 #4 - PRODUCCIÓN, PUBLICACIÓN, DISTRIBUCIÓN, MANUFACTURA, Y COPYRIGHT
Lugar de producción, publicación, distribución, manufactura Stuttgart, Germany:
Nombre del productor, publicador, distribuidor Deutsche Bibelgesellschaft
Fecha de producción, publicación, distribución, manufactura, o copyright ©1898, 1979
300 ## - DESCRIPCIÓN FÍSICA
Extensión 775 Pág.
336 ## - TIPO DE CONTENIDO
Fuente rdacontent
Término de tipo de contenido texto
Código de tipo de contenido txt
337 ## - TIPO DE MEDIO
Fuente rdamedia
Nombre del tipo de medio sin mediación
Código del tipo de medio n
338 ## - TIPO DE SOPORTE
Fuente rdacarrier
Nombre del tipo de soporte volumen
Código Tipo de soporte nc
500 ## - NOTA GENERAL
Nota General English text 2nd edition of the Revised standard version. The critical apparatuses, prepared and edited together with the Institute for New Testament textual research, Münster/Westphalia by Kurt Aland and Barbara Aland
630 07 - TITULO UNIFORME
Título uniforme Biblia.
Nombre de parte o sección de la obra Nuevo Testamento
Subdivisión de forma Griego
720 ## - ASIENTO SECUNDARIO - NOMBRE NO CONTROLADO
Nombre Nestle-Aland
Término de relación autor
942 ## - TIPO DE MATERIAL (KOHA)
Tipo de Item KOHA Libros General
Existencias
Estado de Material Estado de Perdido Forma de Clasificación Estado de Dañado No para Préstamo Colección Tomo Biblioteca de Origen Biblioteca Permanente Fecha de Adquisición Total de Préstamos Signatura Topográfica Código de Barras Última vez visto Última vez Préstado Ejemplar/Existencia Fecha de Remplazo Tipo de Material
    Dewey Decimal Classification     Colección General   Biblioteca FUSBC Biblioteca FUSBC 15/09/2004 1 G 225.48 N468h 1989 09/05/2025 05/02/2018 1 26/01/2016 Libros General

Biblioteca FUSBC | Teléfono: (57+4) 349 88 10 Ext. 141| WhatsApp (+57) 3005338115 
E-mail: biblioteca@unisbc.edu.co | Calle 76 87-14 Robledo Palenque, Medellín, Colombia

Con tecnología Koha